Statistics for Billie Eilish Lyrics to Songs

Click here to take the quiz!

General Stats

  • This quiz has been taken 245 times
  • The average score is 12 of 20

Answer Stats

HintAnswer% Correct
I'm in you arms, in central parki love you
81%
like I love my split endsmy boy
73%
coulda been a nightmareeverything i wanted
71%
Maybe I should get some sleepTV
71%
silly me to fall in love with youHalley's Comet
69%
My invisalign has finally...!!!!!!!
67%
so I think I better go8
65%
on the Angeles CrestThe 30th
65%
but I'm not sorrylisten before i go
64%
Who decided what that makes me?Not My Responsibility
62%
you can pretend you dont carebitches broken hearts
61%
I make everything sound worseGetting Older
61%
their pretty heads are hurtingxanny
59%
blood on a marble wallyou should see me in a crown
57%
stop bein flirtyOverHeated
56%
watch your toneCOPYCAT
54%
I wanna make 'em scaredbellyache
48%
I dont know what feels truehostage
42%
Am I satisfactory?bury a friend
40%
I dont want any settled scoresBored
37%

Score Distribution

Percentile by Number Answered

Percent of People with Each Score

Your Score History

You have not taken this quiz